Les 20 voitures les plus vendues en France en 2013 - Statistiques

Statistiques générales
  • Ce quiz a été pris 246 fois
  • Le résultat moyen est 14 sur 20
Statistiques - réponses
Classement Marques Modèles % Correct
1 Renault Clio IV
93%
3 Citroen C3 II
87%
11 Citroen C4 II
85%
2 Peugeot 208
84%
12 Volkswagen Golf VII
80%
5 Renault Megane III
78%
8 Volkswagen Polo
78%
6 Dacia Sandero
78%
18 Dacia Duster
76%
19 Peugeot 308
75%
10 Peugeot 3008
74%
13 Toyota Yaris
69%
17 Ford Fiesta
65%
15 Peugeot 2008
63%
9 Renault Twingo
63%
16 Peugeot 207
61%
4 Renault Scenic
49%
7 Renault Captur
43%
14 Nissan Qashqai
40%
20 Citroen DS3
24%
Aucun quiz correspondant
Distribution des résultats
% des personnes avec chaque résultat
Percentile par nombre de réponses
Votre historique - résultats
Vous n’avez pas pris ce quiz